Abstand (Luftlinie) zwischen den Landeshautstädten - Statistiken

Allgemein
  • Dieses Quiz wurde 39 mal gespielt
  • Das Durchschnittsergebnis liegt bei 8 aus 10
Antwortstatistiken
Abstand von und in km % Korrekt
Kiel Schwerin 114
100%
Mainz Saarbrücken 125
100%
Berlin Magdebrug 126
100%
Saarbrücken Wiesbaden 131
100%
Hamburg Hannover 132
100%
Mainz Stuttgart 151
100%
Düsseldorf Wiesbaden 164
100%
Potsdam Schwerin 175
100%
Erfurt Hannover 179
100%
Hannover Schwerin 179
100%
Dresden Magdebrug 188
100%
Dresden Erfurt 190
100%
München Stuttgart 191
100%
Hamburg Magdebrug 192
100%
Erfurt Potsdam 211
100%
Bremen Magdebrug 218
100%
Erfurt Wiesbaden 220
100%
Düsseldorf Saarbrücken 222
100%
Berlin Erfurt 236
100%
Düsseldorf Hannover 240
100%
Berlin Hannover 248
100%
Bremen Düsseldorf 248
100%
Berlin Hamburg 254
100%
Hannover Wiesbaden 275
100%
Bremen Erfurt 278
100%
Hannover Mainz 283
100%
Kiel Potsdam 288
100%
Berlin Kiel 294
100%
Erfurt Hamburg 295
100%
Bremen Potsdam 296
100%
Erfurt Schwerin 296
100%
Düsseldorf Erfurt 298
100%
Erfurt München 318
100%
Mainz München 318
100%
Dresden Schwerin 327
100%
Magdebrug Wiesbaden 329
100%
Düsseldorf Hamburg 339
100%
Erfurt Kiel 377
100%
Hannover Saarbrücken 399
100%
Dresden Mainz 404
100%
Hamburg Wiesbaden 404
100%
Bremen Dresden 405
100%
Düsseldorf Kiel 412
100%
Hamburg Mainz 412
100%
Dresden Stuttgart 413
100%
Mainz Potsdam 427
100%
Dresden Kiel 437
100%
Magdebrug München 444
100%
Schwerin Wiesbaden 450
100%
Düsseldorf Potsdam 451
100%
Berlin Mainz 453
100%
Mainz Schwerin 458
100%
Magdebrug Saarbrücken 459
100%
Berlin Düsseldorf 476
100%
Dresden Düsseldorf 486
100%
München Potsdam 486
100%
Düsseldorf München 487
100%
Potsdam Stuttgart 487
100%
Hannover München 489
100%
Kiel Wiesbaden 489
100%
Kiel Mainz 497
100%
Berlin München 504
100%
Hamburg Saarbrücken 523
100%
Hamburg Stuttgart 534
100%
Schwerin Stuttgart 561
100%
Saarbrücken Schwerin 577
100%
Berlin Saarbrücken 578
100%
München Schwerin 611
100%
Hamburg Kiel 86
100%
Mainz Wiesbaden 9
100%
Hamburg Schwerin 94
100%
Bremen Hamburg 95
100%
Bremen Schwerin 184
86%
Bremen Kiel 164
83%
Bremen München 583
83%
Berlin Dresden 165
80%
Potsdam Wiesbaden 422
80%
Bremen Stuttgart 479
80%
Stuttgart Wiesbaden 160
75%
Düsseldorf Mainz 172
75%
Hannover Kiel 218
75%
Dresden Hannover 313
75%
Berlin Bremen 314
75%
Düsseldorf Stuttgart 322
75%
München Wiesbaden 325
75%
Düsseldorf Schwerin 413
75%
Berlin Stuttgart 511
75%
Kiel Saarbrücken 606
75%
Kiel Stuttgart 620
75%
Magdebrug Potsdam 101
67%
Erfurt Magdebrug 135
67%
Magdebrug Schwerin 167
67%
Saarbrücken Stuttgart 167
67%
Erfurt Mainz 223
67%
Kiel Magdebrug 263
67%
Erfurt Stuttgart 278
67%
Bremen Saarbrücken 446
67%
Berlin Wiesbaden 448
67%
Dresden Saarbrücken 521
67%
Kiel München 695
60%
Hannover Magdebrug 132
50%
Hannover Potsdam 225
50%
Hamburg Potsdam 241
50%
Bremen Wiesbaden 335
50%
Bremen Mainz 344
50%
Düsseldorf Magdebrug 350
50%
Dresden Hamburg 377
50%
Hannover Stuttgart 402
50%
Potsdam Saarbrücken 553
50%
Hamburg München 612
50%
Erfurt Saarbrücken 347
40%
Dresden Wiesbaden 402
33%
Bremen Hannover 100
0%
Dresden Potsdam 157
0%
Berlin Schwerin 181
0%
Berlin Potsdam 26
0%
Magdebrug Mainz 334
0%
München Saarbrücken 358
0%
Dresden München 359
0%
Magdebrug Stuttgart 412
0%
Keine übereinstimmenden Quizze gefunden
Verteilung der Resultate
Anzahl Personen mit jedem Resultat
Perzentil nach korrekt beantworteten Fragen
Ihre Resultats-Entwicklung
Sie haben dieses Quiz noch nicht gespielt